[Event "Guelph Winter Pro-Am"]
[Site "Guelph CAN"]
[Date "2012.02.12"]
[Round "5"]
[White "Birarov, Vladimir"]
[Black "Sapozhnikov, Roman"]
[Result "0-1"]
[WhiteElo "2242"]
[BlackElo "2514"]
[PlyCount "76"]
[GameId "2160767909576544"]
[EventDate "2012.02.10"]
[EventType "swiss"]
[EventRounds "5"]
[EventCountry "CAN"]
[SourceTitle "EXT 2022"]
[Source "ChessBase"]
[SourceDate "2021.10.06"]
[SourceVersion "1"]
[SourceVersionDate "2021.10.06"]
[SourceQuality "1"]

1. Nf3 Nf6 2. g3 d5 3. Bg2 c6 4. O-O Bf5 5. d3 h6 6. Nbd2 e6 7. c3 Be7 8. b4 a5 9. Qb3 axb4 10. cxb4 O-O 11. Bb2 Nbd7 12. Ne5 Bh7 13. Rfc1 Nxe5 14. Bxe5 Qb6 15. Qb2 Qxb4 16. Bxf6 gxf6 17. Qc2 Qa4 18. Nb3 Rfc8 19. Qd2 Kg7 20. Qe3 Qa7 21. Qf3 Bd6 22. h4 Be5 23. d4 Bd6 24. Qg4+ Bg6 25. h5 f5 26. Qf3 Bh7 27. a4 b6 28. a5 bxa5 29. Rxa5 Qb6 30. Rxa8 Rxa8 31. Nc5 Qb2 32. Qe3 f4 33. gxf4 Ra3 34. Nd3 Bxd3 35. exd3 Rxd3 36. Qe1 Qxd4 37. Bf1 Rg3+ 38. Kh1 Rf3 0-1

[Event "Guelph Winter Pro-Am"]
[Site "Guelph CAN"]
[Date "2012.02.12"]
[Round "5"]
[White "Itkin, David"]
[Black "Gusev, Nikita"]
[Result "0-1"]
[WhiteElo "2141"]
[BlackElo "2270"]
[PlyCount "60"]
[GameId "2160767909576545"]
[EventDate "2012.02.10"]
[EventType "swiss"]
[EventRounds "5"]
[EventCountry "CAN"]
[SourceTitle "EXT 2022"]
[Source "ChessBase"]
[SourceDate "2021.10.06"]
[SourceVersion "1"]
[SourceVersionDate "2021.10.06"]
[SourceQuality "1"]

1. e4 c5 2. Nf3 e6 3. d4 cxd4 4. Nxd4 a6 5. Nc3 Qc7 6. Bd3 Nf6 7. f4 b5 8. Qf3 Bb7 9. Be3 Nc6 10. O-O-O Nb4 11. Kb1 Be7 12. g4 Nxd3 13. cxd3 d6 14. Rc1 Qd8 15. g5 Nd7 16. f5 Ne5 17. Qh5 g6 18. fxg6 Nxg6 19. Rhf1 Qd7 20. Rc2 Bf8 21. Rfc1 Rc8 22. Nce2 Rxc2 23. Rxc2 Bg7 24. Ng3 d5 25. Nb3 dxe4 26. Nxe4 Qxd3 27. Nbc5 Qf1+ 28. Rc1 Bxe4+ 29. Nxe4 O-O 30. Qh3 Qxh3 0-1

[Event "Guelph Winter Pro-Am"]
[Site "Guelph CAN"]
[Date "2012.02.12"]
[Round "5"]
[White "Noritsyn, Nikolay"]
[Black "Zhang, Yuanchen"]
[Result "1-0"]
[WhiteElo "2639"]
[BlackElo "2002"]
[PlyCount "67"]
[GameId "2160767909576546"]
[EventDate "2012.02.10"]
[EventType "swiss"]
[EventRounds "5"]
[EventCountry "CAN"]
[SourceTitle "EXT 2022"]
[Source "ChessBase"]
[SourceDate "2021.10.06"]
[SourceVersion "1"]
[SourceVersionDate "2021.10.06"]
[SourceQuality "1"]

1. e4 c5 2. Nf3 e6 3. c3 d5 4. e5 Nc6 5. d4 Qb6 6. a3 Nh6 7. b4 cxd4 8. cxd4 Nf5 9. Be3 Bd7 10. Bd3 Rc8 11. Bxf5 exf5 12. O-O Be7 13. Nc3 Be6 14. h4 O-O 15. Qd3 Rfd8 16. Ne2 a5 17. b5 Na7 18. a4 Rc7 19. Ng3 g6 20. h5 Rdc8 21. Bd2 Rc4 22. Qe3 g5 23. Nxg5 Qxd4 24. Qxd4 Rxd4 25. Be3 Bc5 26. Bxd4 Bxd4 27. Rac1 Bxe5 28. Nxe6 fxe6 29. Rce1 Bxg3 30. fxg3 Kf7 31. g4 Kf6 32. Rd1 Rc5 33. gxf5 exf5 34. g4 1-0

[Event "Guelph Winter Pro-Am"]
[Site "Guelph CAN"]
[Date "2012.02.12"]
[Round "5"]
[White "Orso, Miklos"]
[Black "Stevens, Christian"]
[Result "1-0"]
[WhiteElo "2356"]
[BlackElo "2357"]
[PlyCount "34"]
[GameId "2160767909576547"]
[EventDate "2012.02.10"]
[EventType "swiss"]
[EventRounds "5"]
[EventCountry "CAN"]
[SourceTitle "EXT 2022"]
[Source "ChessBase"]
[SourceDate "2021.10.06"]
[SourceVersion "1"]
[SourceVersionDate "2021.10.06"]
[SourceQuality "1"]

1. d4 Nf6 2. Nf3 d5 3. c4 e6 4. Bg5 Be7 5. e3 O-O 6. Nc3 h6 7. Bxf6 Bxf6 8. cxd5 exd5 9. Bd3 c5 10. O-O cxd4 11. Nxd4 Nc6 12. Nxc6 bxc6 13. Rc1 d4 14. exd4 Qxd4 15. Be4 Qb4 16. Qf3 Bxc3 17. bxc3 Qb6 1-0

[Event "Guelph Winter Pro-Am"]
[Site "Guelph CAN"]
[Date "2012.02.12"]
[Round "5"]
[White "Pelekekae, Oanthata"]
[Black "Cormier, Adam"]
[Result "1-0"]
[WhiteElo "2033"]
[BlackElo "2085"]
[PlyCount "39"]
[GameId "2160767909576548"]
[EventDate "2012.02.10"]
[EventType "swiss"]
[EventRounds "5"]
[EventCountry "CAN"]
[SourceTitle "EXT 2022"]
[Source "ChessBase"]
[SourceDate "2021.10.06"]
[SourceVersion "1"]
[SourceVersionDate "2021.10.06"]
[SourceQuality "1"]

1. e4 c5 2. Nf3 d6 3. d4 cxd4 4. Nxd4 Nf6 5. Nc3 a6 6. f4 e5 7. Nf3 Nbd7 8. Bc4 Be7 9. O-O O-O 10. a4 b6 11. Qe1 Qc7 12. Bb3 Bb7 13. Kh1 Rac8 14. fxe5 dxe5 15. Bg5 Rfd8 16. Qg3 h6 17. Bxh6 Nh5 18. Qg6 Rf8 19. Qxh5 gxh6 20. Qg6+ 1-0

[Event "Guelph Winter Pro-Am"]
[Site "Guelph CAN"]
[Date "2012.02.12"]
[Round "5"]
[White "Samsonkin, Artiom"]
[Black "Sambuev, Bator"]
[Result "1/2-1/2"]
[WhiteElo "2550"]
[BlackElo "2692"]
[PlyCount "98"]
[GameId "2160767909576549"]
[EventDate "2012.02.10"]
[EventType "swiss"]
[EventRounds "5"]
[EventCountry "CAN"]
[SourceTitle "EXT 2022"]
[Source "ChessBase"]
[SourceDate "2021.10.06"]
[SourceVersion "1"]
[SourceVersionDate "2021.10.06"]
[SourceQuality "1"]

1. e4 e6 2. d4 d5 3. Nd2 c5 4. Ngf3 Nf6 5. exd5 exd5 6. Bb5+ Bd7 7. Bxd7+ Nbxd7 8. O-O Be7 9. dxc5 Nxc5 10. Nb3 Nce4 11. Nfd4 Qd7 12. f3 Nd6 13. Nc5 Qd8 14. Nd3 O-O 15. Re1 Re8 16. b3 Bf8 17. Bb2 g6 18. Qd2 Bg7 19. a4 Qc7 20. Qf2 a6 21. Rxe8+ Rxe8 22. Re1 Rxe1+ 23. Qxe1 Nh5 24. g4 Nf6 25. Ne6 fxe6 26. Qxe6+ Nf7 27. Bxf6 Bxf6 28. Qxf6 Qxc2 29. Nf4 Qc1+ 30. Kg2 Qd2+ 31. Kh3 Qe3 32. Ne6 Qe5 33. Qe7 Ng5+ 34. Qxg5 Qxe6 35. Qd8+ Kg7 36. Qc7+ Kf6 37. Qf4+ Ke7 38. Qc7+ Qd7 39. Qe5+ Kf7 40. Qd4 h5 41. Kg3 hxg4 42. fxg4 Kg8 43. h4 Qe6 44. Kf4 Kf7 45. h5 gxh5 46. gxh5 Qh6+ 47. Kg4 Qe6+ 48. Kg5 Qe7+ 49. Kf5 Qe6+ 1/2-1/2

[Event "Guelph Winter Pro-Am"]
[Site "Guelph CAN"]
[Date "2012.02.12"]
[Round "5"]
[White "Song, Guannan Terry"]
[Black "Drkulec, Vladimir"]
[Result "1/2-1/2"]
[WhiteElo "1930"]
[BlackElo "2061"]
[PlyCount "102"]
[GameId "2160767909576550"]
[EventDate "2012.02.10"]
[EventType "swiss"]
[EventRounds "5"]
[EventCountry "CAN"]
[SourceTitle "EXT 2022"]
[Source "ChessBase"]
[SourceDate "2021.10.06"]
[SourceVersion "1"]
[SourceVersionDate "2021.10.06"]
[SourceQuality "1"]

1. d4 Nf6 2. c4 c5 3. d5 b5 4. cxb5 a6 5. bxa6 g6 6. g3 d6 7. Nc3 Bg7 8. Bg2 O-O 9. Nf3 Nxa6 10. O-O Qb6 11. Nd2 Nc7 12. Re1 Nd7 13. Qc2 Nb5 14. Nxb5 Qxb5 15. Nb1 Ba6 16. Nc3 Qb7 17. Bg5 Ne5 18. Rab1 Rfb8 19. b3 h6 20. Bd2 Qa7 21. a4 Bc8 22. Nb5 Qb7 23. h3 Bf5 24. e4 Bd7 25. Na3 Be8 26. f4 Nd7 27. Bc3 Bxc3 28. Qxc3 Qb4 29. Qxb4 Rxb4 30. Bf1 Nf6 31. Bc4 g5 32. Nb5 Rb8 33. e5 dxe5 34. fxg5 hxg5 35. Rxe5 Kf8 36. Rbe1 Bxb5 37. axb5 Rb7 38. g4 Ne8 39. d6 Nxd6 40. Rxc5 Nxb5 41. Rxg5 Nd6 42. Rd1 Rb8 43. Rh5 Kg7 44. Bd5 R8b6 45. Rf1 e6 46. Rg5+ Kh6 47. Rh5+ Kg6 48. Bg2 Rxb3 49. Re5 Rb1 50. Ree1 Rxe1 51. Rxe1 Nc4 1/2-1/2

[Event "Guelph Winter Pro-Am U1600"]
[Site "Guelph CAN"]
[Date "2012.02.10"]
[Round "1"]
[White "Aghamalian, Leonid"]
[Black "Tao, Rachel"]
[Result "1-0"]
[WhiteElo "1432"]
[BlackElo "1160"]
[PlyCount "125"]
[GameId "2160767909576551"]
[EventDate "2012.02.10"]
[EventType "swiss"]
[EventRounds "5"]
[EventCountry "CAN"]
[SourceTitle "EXT 2022"]
[Source "ChessBase"]
[SourceDate "2021.10.06"]
[SourceVersion "1"]
[SourceVersionDate "2021.10.06"]
[SourceQuality "1"]

1. e4 e6 2. d4 d5 3. exd5 exd5 4. Nc3 Nf6 5. Nf3 Be6 6. Bd3 c5 7. Bb5+ Nbd7 8. Bg5 a6 9. Bxd7+ Bxd7 10. Nxd5 Qa5+ 11. Bd2 Qd8 12. Nxf6+ Qxf6 13. Qe2+ Be6 14. d5 Qxb2 15. O-O Qb5 16. Qxb5+ axb5 17. dxe6 fxe6 18. Rfe1 Kd7 19. Ne5+ Kc7 20. Nf7 Rg8 21. Rxe6 g6 22. Bf4+ Kd7 23. Rb6 Bg7 24. Rxb7+ Kc6 25. Rc7+ Kb6 26. Re1 Rgf8 27. Re6+ Ka5 28. Bd2+ b4 29. Rxc5+ Ka4 30. Rc7 Bb2 31. Rb7 Ba3 32. Ree7 Ra5 33. Re4 Rb5 34. Rxb5 Kxb5 35. Nd6+ Kc5 36. Rc4+ Kxd6 37. Bxb4+ Bxb4 38. Rxb4 Re8 39. Kf1 Ra8 40. a4 Rc8 41. Rb2 Ra8 42. Ra2 Ra5 43. Ke2 Kc5 44. Kd3 Kb4 45. Kd4 h5 46. f4 Rf5 47. Ke4 Ka5 48. h3 h4 49. Kf3 g5 50. Kg4 Rxf4+ 51. Kxg5 Rc4 52. c3 Ka6 53. a5 Re4 54. Rf2 Kxa5 55. Rf4 Re2 56. Rg4 Rc2 57. c4 Kb4 58. Kxh4 Rxc4 59. Rxc4+ Kxc4 60. Kg5 Kd5 61. Kf6 Ke4 62. g4 Kf4 63. g5 1-0

[Event "Guelph Winter Pro-Am U1600"]
[Site "Guelph CAN"]
[Date "2012.02.10"]
[Round "1"]
[White "Birarov, Nicole"]
[Black "Liang, Lakes"]
[Result "0-1"]
[WhiteElo "1131"]
[BlackElo "1416"]
[PlyCount "92"]
[GameId "2160767909576552"]
[EventDate "2012.02.10"]
[EventType "swiss"]
[EventRounds "5"]
[EventCountry "CAN"]
[SourceTitle "EXT 2022"]
[Source "ChessBase"]
[SourceDate "2021.10.06"]
[SourceVersion "1"]
[SourceVersionDate "2021.10.06"]
[SourceQuality "1"]

1. d4 Nf6 2. Nf3 g6 3. Nbd2 Bg7 4. e4 d6 5. Bc4 O-O 6. Qe2 Re8 7. Nb3 e5 8. dxe5 Nxe4 9. Qxe4 Bxe5 10. Qd3 Bxb2+ 11. Be3 Bxa1 12. Nxa1 Qf6 13. O-O Nc6 14. Re1 Bg4 15. Ng5 Qxg5 16. Bxg5 Rxe1+ 17. Qf1 Rxf1+ 18. Kxf1 Re8 19. f3 Be6 20. Bxe6 Rxe6 21. Kf2 b5 22. Nb3 a5 23. Be3 a4 24. Nc1 Nb4 25. c3 Nd5 26. Bd2 a3 27. Nb3 c5 28. Na5 b4 29. cxb4 Nxb4 30. Bxb4 cxb4 31. g4 d5 32. Nb3 Rc6 33. Ke2 Rc2+ 34. Kd3 Rxa2 35. Nc1 Rxh2 36. Nb3 Rb2 37. Nc1 a2 38. Nxa2 Rxa2 39. f4 Ra3+ 40. Kc2 Rf3 41. f5 gxf5 42. gxf5 h5 43. f6 h4 44. Kd2 h3 45. Ke2 Rxf6 46. Kd2 h2 0-1

[Event "Guelph Winter Pro-Am U1600"]
[Site "Guelph CAN"]
[Date "2012.02.10"]
[Round "1"]
[White "Lin, Benjamin1"]
[Black "Franke, Raymond"]
[Result "1/2-1/2"]
[WhiteElo "1278"]
[BlackElo "1526"]
[PlyCount "56"]
[GameId "2160767909576553"]
[EventDate "2012.02.10"]
[EventType "swiss"]
[EventRounds "5"]
[EventCountry "CAN"]
[SourceTitle "EXT 2022"]
[Source "ChessBase"]
[SourceDate "2021.10.06"]
[SourceVersion "1"]
[SourceVersionDate "2021.10.06"]
[SourceQuality "1"]

1. c4 Nf6 2. d4 e6 3. Bd2 b6 4. e3 Bb7 5. Nf3 Be7 6. Bd3 O-O 7. O-O d5 8. Nc3 dxc4 9. Bxc4 Ne4 10. Nxe4 Bxe4 11. Rc1 Nd7 12. Bc3 Bf6 13. Nd2 Bb7 14. e4 c5 15. e5 Be7 16. Nb3 Qc7 17. f4 cxd4 18. Bxd4 Qd8 19. Be2 Rc8 20. Bf3 Rxc1 21. Qxc1 Bxf3 22. Rxf3 a5 23. a3 a4 24. Nd2 Bc5 25. Bxc5 Nxc5 26. b4 axb3 27. Nxb3 Nxb3 28. Rxb3 Qd4+ 1/2-1/2

[Event "Guelph Winter Pro-Am U1600"]
[Site "Guelph CAN"]
[Date "2012.02.10"]
[Round "1"]
[White "Tismenko, Dennis"]
[Black "Kaneshalingam, Mathanhe"]
[Result "1-0"]
[WhiteElo "1405"]
[BlackElo "993"]
[PlyCount "40"]
[GameId "2160767909576554"]
[EventDate "2012.02.10"]
[EventType "swiss"]
[EventRounds "5"]
[EventCountry "CAN"]
[SourceTitle "EXT 2022"]
[Source "ChessBase"]
[SourceDate "2021.10.06"]
[SourceVersion "1"]
[SourceVersionDate "2021.10.06"]
[SourceQuality "1"]

1. e4 c5 2. Nc3 Nc6 3. f4 e6 4. Bc4 Nge7 5. Bb3 g6 6. Nf3 Bg7 7. O-O O-O 8. d3 d5 9. Qe1 d4 10. Ne2 Bd7 11. Qh4 h6 12. f5 exf5 13. Bxh6 Qc7 14. Bf4 Qb6 15. Ng5 Rfe8 16. Bxf7+ Kf8 17. Bxe8 Rxe8 18. Qh7 c4 19. exf5 Nxf5 20. Qxg6 Rxe2 1-0

[Event "Guelph Winter Pro-Am U1600"]
[Site "Guelph CAN"]
[Date "2012.02.10"]
[Round "1"]
[White "Williamson, James"]
[Black "Xu, Jeffrey"]
[Result "0-1"]
[WhiteElo "1217"]
[BlackElo "1550"]
[PlyCount "78"]
[GameId "2160767909576556"]
[EventDate "2012.02.10"]
[EventType "swiss"]
[EventRounds "5"]
[EventCountry "CAN"]
[SourceTitle "EXT 2022"]
[Source "ChessBase"]
[SourceDate "2021.10.06"]
[SourceVersion "1"]
[SourceVersionDate "2021.10.06"]
[SourceQuality "1"]

1. e4 e5 2. Nf3 Nc6 3. c3 d5 4. exd5 Qxd5 5. Qb3 Qxb3 6. axb3 Bg4 7. Ng1 Bc5 8. b4 Bb6 9. Na3 a6 10. Nc4 Ba7 11. Na5 Nxa5 12. bxa5 Ne7 13. Be2 Bxe2 14. Nxe2 O-O 15. O-O Rad8 16. b4 Nc6 17. Ng3 Rfe8 18. Re1 f6 19. Re2 Ne7 20. Nf1 Nd5 21. g3 f5 22. Ne3 Bxe3 23. dxe3 Nxc3 24. Rc2 Nb5 25. Bb2 e4 26. Rac1 Rd7 27. Rc5 g6 28. Be5 c6 29. Bb2 Kf7 30. Kf1 Red8 31. R5c4 Rd1+ 32. Kg2 Rxc1 33. Bxc1 Rd3 34. Bb2 Nd6 35. Rc3 Rxc3 36. Bxc3 Ke6 37. Bd4 Kd5 38. f3 Nc4 39. Bc5 Nd2 0-1

[Event "Guelph Winter Pro-Am U1600"]
[Site "Guelph CAN"]
[Date "2012.02.10"]
[Round "1"]
[White "Zheng, Ethan"]
[Black "Andronescu, Tiberiu"]
[Result "0-1"]
[WhiteElo "911"]
[BlackElo "1346"]
[PlyCount "86"]
[GameId "2160767909576557"]
[EventDate "2012.02.10"]
[EventType "swiss"]
[EventRounds "5"]
[EventCountry "CAN"]
[SourceTitle "EXT 2022"]
[Source "ChessBase"]
[SourceDate "2021.10.06"]
[SourceVersion "1"]
[SourceVersionDate "2021.10.06"]
[SourceQuality "1"]

1. e4 c5 2. Nf3 a6 3. Bc4 Nc6 4. Nc3 d6 5. d4 Bg4 6. h3 cxd4 7. hxg4 dxc3 8. bxc3 Nf6 9. O-O Nxg4 10. Ng5 Nge5 11. Qd5 e6 12. Nxf7 exd5 13. Nxd8 dxc4 14. Nxc6 Nxc6 15. Re1 O-O-O 16. Be3 h5 17. Rab1 h4 18. Bg5 Be7 19. Bxe7 Nxe7 20. e5 d5 21. Re3 Kc7 22. Rh3 Ng6 23. e6 Nf4 24. Re3 Rde8 25. g3 Nxe6 26. Rbe1 Kd7 27. Re5 Nc7 28. Rxe8 Rxe8 29. Rxe8 Nxe8 30. gxh4 Nf6 31. Kg2 Ke6 32. Kf3 Ke5 33. Ke3 Ne4 34. f4+ Kf5 35. Kd4 Kxf4 36. Kxd5 Nxc3+ 37. Kxc4 Nxa2 38. Kc5 Kg4 39. Kb6 Kxh4 40. c4 Nb4 41. Kxb7 g5 42. Kb6 g4 43. Ka5 Nd3 0-1

[Event "Guelph Winter Pro-Am U1600"]
[Site "Guelph CAN"]
[Date "2012.02.11"]
[Round "2"]
[White "Andronescu, Tiberiu"]
[Black "Aghamalian, Leonid"]
[Result "1-0"]
[WhiteElo "1346"]
[BlackElo "1432"]
[PlyCount "40"]
[GameId "2160767909576558"]
[EventDate "2012.02.10"]
[EventType "swiss"]
[EventRounds "5"]
[EventCountry "CAN"]
[SourceTitle "EXT 2022"]
[Source "ChessBase"]
[SourceDate "2021.10.06"]
[SourceVersion "1"]
[SourceVersionDate "2021.10.06"]
[SourceQuality "1"]

1. d4 d5 2. c4 Nf6 3. Nc3 c6 4. Nf3 e6 5. Bg5 h6 6. Bh4 Be7 7. e3 Nbd7 8. Bd3 O-O 9. O-O dxc4 10. Bxc4 Nb6 11. Bb3 Nbd5 12. a3 Nxc3 13. bxc3 Qa5 14. Qd3 b5 15. Bc2 g6 16. Ne5 g5 17. Nxc6 Qc7 18. Nxe7+ Qxe7 19. Bg3 Qd7 20. Be5 Kg7 1-0

[Event "Guelph Winter Pro-Am U1600"]
[Site "Guelph CAN"]
[Date "2012.02.11"]
[Round "2"]
[White "Caron, Daniel"]
[Black "Birarov, Nicole"]
[Result "0-1"]
[WhiteElo "966"]
[BlackElo "1131"]
[PlyCount "40"]
[GameId "2160767909576559"]
[EventDate "2012.02.10"]
[EventType "swiss"]
[EventRounds "5"]
[EventCountry "CAN"]
[SourceTitle "EXT 2022"]
[Source "ChessBase"]
[SourceDate "2021.10.06"]
[SourceVersion "1"]
[SourceVersionDate "2021.10.06"]
[SourceQuality "1"]

1. e4 d5 2. g3 dxe4 3. d3 exd3 4. cxd3 e5 5. Nf3 Nc6 6. Bg2 Bg4 7. Na3 Qd7 8. b3 O-O-O 9. Bf1 e4 10. h3 Bxf3 11. Rh2 Bxd1 12. Kxd1 exd3 13. Bg5 f6 14. f4 fxg5 15. fxg5 Bxa3 16. Rd2 Qf5 17. Bg2 Qxg5 18. Rf2 Qxg3 19. Rd2 Bb4 20. Rb2 Qe1# 0-1

[Event "Guelph Winter Pro-Am U1600"]
[Site "Guelph CAN"]
[Date "2012.02.11"]
[Round "2"]
[White "Franke, Raymond"]
[Black "Tao, Ellen"]
[Result "1-0"]
[WhiteElo "1526"]
[BlackElo "1260"]
[PlyCount "71"]
[GameId "2160767909576560"]
[EventDate "2012.02.10"]
[EventType "swiss"]
[EventRounds "5"]
[EventCountry "CAN"]
[SourceTitle "EXT 2022"]
[Source "ChessBase"]
[SourceDate "2021.10.06"]
[SourceVersion "1"]
[SourceVersionDate "2021.10.06"]
[SourceQuality "1"]

1. e4 e5 2. Nf3 Nc6 3. g3 Nf6 4. d3 Bc5 5. Bg2 O-O 6. O-O d6 7. c3 Be6 8. Nbd2 Rb8 9. b4 Bb6 10. a4 a6 11. Nb3 Ne7 12. Bg5 Ng6 13. Qd2 Bxb3 14. c4 Qd7 15. Bxf6 gxf6 16. b5 axb5 17. axb5 Ra8 18. Qb4 Rxa1 19. Rxa1 Bc2 20. Qd2 Bb3 21. Qb4 Bc2 22. Qd2 Bxd3 23. Qxd3 c6 24. h4 h5 25. Nh2 Bd4 26. Rb1 cxb5 27. cxb5 b6 28. Qf3 Qc7 29. Qxh5 Qc2 30. Rf1 Qb2 31. Qh6 Qxb5 32. Ng4 Bxf2+ 33. Rxf2 Qb1+ 34. Rf1 Qxf1+ 35. Bxf1 Nxh4 36. Nxf6# 1-0

[Event "Guelph Winter Pro-Am U1600"]
[Site "Guelph CAN"]
[Date "2012.02.11"]
[Round "2"]
[White "Guo, Richard"]
[Black "Lin, Benjamin1"]
[Result "1-0"]
[WhiteElo "1276"]
[BlackElo "1278"]
[PlyCount "115"]
[GameId "2160767909576561"]
[EventDate "2012.02.10"]
[EventType "swiss"]
[EventRounds "5"]
[EventCountry "CAN"]
[SourceTitle "EXT 2022"]
[Source "ChessBase"]
[SourceDate "2021.10.06"]
[SourceVersion "1"]
[SourceVersionDate "2021.10.06"]
[SourceQuality "1"]

1. e4 c5 2. Nf3 Nc6 3. d4 cxd4 4. Nxd4 e5 5. Nb5 a6 6. Nd6+ Bxd6 7. Qxd6 Qe7 8. Qxe7+ Ngxe7 9. Bd3 O-O 10. O-O d5 11. Nc3 d4 12. Na4 Be6 13. c4 Rad8 14. Bd2 Ng6 15. a3 a5 16. Nc5 Bc8 17. f4 exf4 18. Bxf4 Nxf4 19. Rxf4 Ne5 20. Rd1 Bg4 21. Rd2 Bc8 22. b4 axb4 23. axb4 b6 24. Na4 Rd6 25. c5 bxc5 26. bxc5 Rdd8 27. Bb5 Be6 28. Nb6 f6 29. Rf1 Rf7 30. Rc1 Rb7 31. Ba6 Rc7 32. Nd5 Ra7 33. Be2 Bxd5 34. Rxd4 Rad7 35. Rxd5 Rxd5 36. exd5 Rxd5 37. c6 Nxc6 38. Bc4 Ne7 39. Rd1 Kf8 40. Bxd5 Nxd5 41. Rxd5 Ke7 42. Kf2 Ke6 43. Ra5 g5 44. Ke3 h5 45. Ke4 h4 46. Ra6+ Kf7 47. Kf5 g4 48. Ra7+ Ke8 49. Ke6 Kd8 50. Rh7 f5 51. Kxf5 g3 52. h3 Ke8 53. Kf6 Kd8 54. Ke6 Kc8 55. Kd6 Kb8 56. Kc6 Ka8 57. Kb6 Kb8 58. Rh8# 1-0

[Event "Guelph Winter Pro-Am U1600"]
[Site "Guelph CAN"]
[Date "2012.02.11"]
[Round "2"]
[White "Kaneshalingam, Mathanhe"]
[Black "Williamson, James"]
[Result "1/2-1/2"]
[WhiteElo "993"]
[BlackElo "1217"]
[PlyCount "83"]
[GameId "2160767909576562"]
[EventDate "2012.02.10"]
[EventType "swiss"]
[EventRounds "5"]
[EventCountry "CAN"]
[SourceTitle "EXT 2022"]
[Source "ChessBase"]
[SourceDate "2021.10.06"]
[SourceVersion "1"]
[SourceVersionDate "2021.10.06"]
[SourceQuality "1"]

1. d4 d5 2. c4 c6 3. Nc3 e6 4. Nf3 Nf6 5. Bg5 Be7 6. e3 O-O 7. Bd3 b6 8. O-O Bb7 9. Rc1 Nbd7 10. Qc2 h6 11. Bh4 Bd6 12. h3 Qc7 13. Rfe1 g5 14. Bg3 Bxg3 15. fxg3 Qxg3 16. Qf2 Qxf2+ 17. Kxf2 Ne8 18. cxd5 exd5 19. e4 Nd6 20. exd5 cxd5 21. Nb5 Nxb5 22. Bxb5 Nf6 23. Bd3 Ne4+ 24. Bxe4 dxe4 25. Ne5 Rac8 26. Rxc8 Rxc8 27. Re2 Kg7 28. a3 Rc7 29. g3 f5 30. Ke3 Kf6 31. Kf2 Ba6 32. Rd2 Bc8 33. Kg2 Be6 34. Kh2 Bb3 35. Kg2 Ke6 36. Kf2 a6 37. Ke3 b5 38. Ke2 a5 39. Ke3 Rc2 40. Rxc2 Bxc2 41. Nc6 a4 42. Nd8+ 1/2-1/2

[Event "Guelph Winter Pro-Am U1600"]
[Site "Guelph CAN"]
[Date "2012.02.11"]
[Round "2"]
[White "Tao, Rachel"]
[Black "Zheng, Ethan"]
[Result "1-0"]
[WhiteElo "1260"]
[BlackElo "911"]
[PlyCount "61"]
[GameId "2160767909576564"]
[EventDate "2012.02.10"]
[EventType "swiss"]
[EventRounds "5"]
[EventCountry "CAN"]
[SourceTitle "EXT 2022"]
[Source "ChessBase"]
[SourceDate "2021.10.06"]
[SourceVersion "1"]
[SourceVersionDate "2021.10.06"]
[SourceQuality "1"]

1. e4 e5 2. Bc4 Nf6 3. d3 Bc5 4. h3 O-O 5. Nf3 Nc6 6. c3 d6 7. Bb3 Be6 8. Nbd2 Bxb3 9. axb3 h6 10. Nf1 Qe7 11. Ng3 Rae8 12. Nf5 Qe6 13. O-O h5 14. Ng5 Qc8 15. Nf3 g6 16. Bg5 Nh7 17. Bh6 gxf5 18. Bxf8 Rxf8 19. Nh4 fxe4 20. dxe4 Qe6 21. Qxh5 Ne7 22. Rad1 Ng6 23. Nf5 Qf6 24. Qf3 Ng5 25. Qg4 b5 26. h4 Nh7 27. h5 Qd8 28. hxg6 Nf6 29. Qg5 Nxe4 30. Qh6 Ng5 31. Qg7# 1-0

[Event "Guelph Winter Pro-Am U1600"]
[Site "Guelph CAN"]
[Date "2012.02.11"]
[Round "2"]
[White "Xu, Jeffrey"]
[Black "Tismenko, Dennis"]
[Result "1-0"]
[WhiteElo "1550"]
[BlackElo "1405"]
[PlyCount "79"]
[GameId "2160767909576565"]
[EventDate "2012.02.10"]
[EventType "swiss"]
[EventRounds "5"]
[EventCountry "CAN"]
[SourceTitle "EXT 2022"]
[Source "ChessBase"]
[SourceDate "2021.10.06"]
[SourceVersion "1"]
[SourceVersionDate "2021.10.06"]
[SourceQuality "1"]

1. e4 c5 2. Nf3 g6 3. Nc3 Bg7 4. h3 d6 5. Bb5+ Bd7 6. Bxd7+ Qxd7 7. d3 Nc6 8. Bd2 Nf6 9. O-O O-O 10. Re1 Qc7 11. Nh2 e6 12. Ng4 Nxg4 13. hxg4 f5 14. gxf5 exf5 15. f3 Bd4+ 16. Be3 fxe4 17. dxe4 Rfe8 18. Bxd4 Nxd4 19. Nd5 Nc6 20. c3 Qf7 21. Qb3 Ne5 22. Nf6+ Kh8 23. Qxf7 Nxf7 24. Nxe8 Rxe8 25. Rad1 b5 26. b4 Ra8 27. bxc5 dxc5 28. Rd5 Rc8 29. e5 b4 30. e6 Nh6 31. e7 Re8 32. cxb4 Nf5 33. Rd8 Nd6 34. Rxe8+ Nxe8 35. bxc5 Kg7 36. c6 Kf7 37. Kf2 h5 38. Re3 Nc7 39. Rd3 Ke6 40. Rd8 1-0

[Event "Guelph Winter Pro-Am U1600"]
[Site "Guelph CAN"]
[Date "2012.02.11"]
[Round "3"]
[White "Aghamalian, Leonid"]
[Black "Guo, Richard"]
[Result "1-0"]
[WhiteElo "1432"]
[BlackElo "1276"]
[PlyCount "67"]
[GameId "2160767909576566"]
[EventDate "2012.02.10"]
[EventType "swiss"]
[EventRounds "5"]
[EventCountry "CAN"]
[SourceTitle "EXT 2022"]
[Source "ChessBase"]
[SourceDate "2021.10.06"]
[SourceVersion "1"]
[SourceVersionDate "2021.10.06"]
[SourceQuality "1"]

1. e4 g6 2. d4 d6 3. Nf3 Nf6 4. Bd3 Bg7 5. c3 O-O 6. O-O e5 7. dxe5 dxe5 8. Nxe5 Nxe4 9. Bxe4 Bxe5 10. Qf3 c6 11. Rd1 Qh4 12. g3 Qg4 13. Qd3 Na6 14. Be3 Be6 15. Na3 Nc7 16. Nc2 Kg7 17. Bg2 Bf5 18. Qd2 Rad8 19. Bh6+ Kf6 20. Qc1 Rfe8 21. Ne3 Rxd1+ 22. Qxd1 Qxd1+ 23. Rxd1 Be6 24. f4 Bxc3 25. bxc3 Bxa2 26. Ng4+ Kf5 27. Bh3 Ne6 28. Ne5+ Kf6 29. Ra1 Bb3 30. Rxa7 Rd8 31. Rxb7 Rd1+ 32. Kf2 Rd2+ 33. Ke3 Rxh2 34. Rxf7# 1-0

[Event "Guelph Winter Pro-Am U1600"]
[Site "Guelph CAN"]
[Date "2012.02.11"]
[Round "3"]
[White "Birarov, Nicole"]
[Black "Lin, Benjamin1"]
[Result "1-0"]
[WhiteElo "1131"]
[BlackElo "1278"]
[PlyCount "29"]
[GameId "2160767909576567"]
[EventDate "2012.02.10"]
[EventType "swiss"]
[EventRounds "5"]
[EventCountry "CAN"]
[SourceTitle "EXT 2022"]
[Source "ChessBase"]
[SourceDate "2021.10.06"]
[SourceVersion "1"]
[SourceVersionDate "2021.10.06"]
[SourceQuality "1"]

1. d4 d5 2. Nf3 Nf6 3. e3 Bf5 4. c4 e6 5. Qb3 Qc8 6. Nc3 c6 7. Ne5 Nbd7 8. cxd5 exd5 9. Ne2 Nxe5 10. dxe5 Ne4 11. Nd4 Bc5 12. Nxf5 Qxf5 13. f3 Ng5 14. Qxb7 O-O 15. Qxc6 1-0